| 000 | 00000nam##2200000za#4500 |
| 001 | 9.610791 |
| 003 | CaOODSP |
| 005 | 20210929082755 |
| 007 | ta |
| 008 | 150406|1993||||xxc||||| f|0| 0 eng|d |
| 020 | |a0-662-21132-4 |
| 040 | |aCaOODSP|beng |
| 043 | |an-cn--- |
| 086 | 1 |aFo29-6/56-1993E |
| 110 | 1 |aCanada. |bNatural Resources Canada. |bCanadian Forest Service. |
| 245 | 10|aRhizina root rot of conifers / |cby Brenda E. Callan. |
| 260 | |aVictoria - British Columbia : |bNatural Resources Canada. |c1993. |
| 300 | |a4p. : |billus., map ; |c28 cm. |
| 490 | 1 |aForest pest leaflet|v56 |
| 690 | 07|aTrees|2gcpds |
| 690 | 07|aPlant diseases|2gcpds |
| 720 | 1 |aCallan, Brenda E. |
| 776 | 0#|tRhizina root rot of conifers / |w(CaOODSP)9.573492 |
| 830 | #0|aForest pest leaflet ;|v56|w(CaOODSP)9.514653 |